| 000 | 00573nam a2200193 a 4500 | ||
|---|---|---|---|
| 005 | 20210223123400.0 | ||
| 008 | 991125s1977 es 000 0 spa u | ||
| 020 | _a8474270011 | ||
| 035 | _aUPN01000052271 | ||
| 049 | _aCG | ||
| 050 | 4 |
_aDK265 _bF4.78 |
|
| 100 | 1 |
_aFerro, Marc, _d1924- _940565 |
|
| 245 | 1 | 3 |
_aLa revolución rusa de 1917 / _cMarc Ferro ; tr. Manuel Olasagasti. |
| 260 |
_aMadrid : _bVillalar, _c1977. |
||
| 300 | _a197 p. | ||
| 440 | 0 |
_aVillalar-Zimmerwald ; _v2 |
|
| 651 | 4 |
_aUNION SOVIETICA - _xHISTORIA - _yREVOLUCION, 1917-1921 _91656 |
|
| 905 | _aLibro | ||
| 999 |
_c52271 _d52271 |
||